| 000 | 00895nam a2200289Ia 4500 | ||
|---|---|---|---|
| 005 | 20220317001005.0 | ||
| 008 | 160825s2008 sp g 000 0 spa | ||
| 020 | _a97884080483012 | ||
| 100 | 1 |
_aRulfo, Juan _d1918-1986 |
|
| 245 | 1 | 0 |
_aPedro Páramo y El llano en llamas _cJuan Rulfo |
| 250 | _a3a. reimpresión | ||
| 300 |
_a290 páginas _c18 cm |
||
| 490 | _aBooket | ||
| 500 | _aIncluye datos biográficos | ||
| 521 | _aRecomendado para adultos | ||
| 650 | 1 | 4 |
_2LEMB _aNovela mexicana _ySiglo XX |
| 650 | 1 | 4 |
_2LEMB _aLiteratura mexicana _ySiglo XX |
| 650 | 1 | 4 |
_2LEMB _aCampesinos en la literatura |
| 740 | _aEl llano en llamas | ||
| 942 |
_2loc _cBKLIT |
||
| 264 |
_aBarcelona _bPlaneta _c2008 |
||
| 336 |
_atexto _btxt _2rdacontent |
||
| 337 |
_asin mediación _bn _2rdamedia |
||
| 338 |
_avolumen _bnc _2rdacarrier |
||
| 040 |
_aCO-BoRNBP _bspa _erda _cCO-BoRNBP |
||
| 084 | _aN RUL1 | ||
| 999 |
_c5604 _d5604 |
||